000 00605nam a2200241Ia 4500
003 OSt
005 20221005121338.0
006 a|||||r|||| 00| 0
007 ta
008 221004b |||||||| |||| 00| 0 eng d
024 _a39535
037 _cTextual
040 _aCRL
_cCRL
_beng
041 _2eng
_aeng
082 _aO:3M66:9, J3
100 _aBelgion Montgomery
_979466
245 0 _aH G Wells
260 _c1953
490 _aWriters and their work; 40
650 _aENGLISH LITERATURE
942 _hO:3M66:9, J3
_cTEXL
_2cc
999 _c1040846
_d1040846